000 00704nam a2200229Ia 4500
001 17989
003 GE_BSU
008 181216s||||||||xx |||||||||||||| ||und||
040 _cGE_BSU
080 _a821.353.1-1+821.353.1-11
100 _aნარიმანიძე, ს.
245 _aშორეული დღე
245 _bლექსები
245 _cრედ. ლ.თურმანიძე. მხატვ. სპ.ცინცაძე
260 _aთბილისი
260 _bმერანი
260 _c1979
300 _a156გვ.21სმ. 1ფოტო.
653 _aლექსები
653 _aშორეული დღე
942 _cBK
999 _c51032
_d51032